Țări de-a lungul frontierelor în 90 de secunde - Statistics

General Stats
  • This quiz has been taken 4 times
  • The average score is 86 of 157
Answers on the Map
Answers color-coded by a green-red scale on the quiz's map according to % correct below.
 
Answer Stats
Țară % Correct
Angola
100%
Bosnia și Herțegovina
100%
Burundi
100%
Camerun
100%
Croația
100%
Gabon
100%
Muntenegru
100%
Republica Centrafricană
100%
Republica Congo
100%
Republica Democrată Congo
100%
Rwanda
100%
Serbia
100%
Sudanul de Sud
100%
Tanzania
100%
Uganda
100%
Zambia
100%
Afganistan
50%
Africa de Sud
50%
Albania
50%
Algeria
50%
Andorra
50%
Arabia Saudită
50%
Argentina
50%
Armenia
50%
Austria
50%
Azerbaidjan
50%
Bangladesh
50%
Belarus
50%
Belgia
50%
Belize
50%
Benin
50%
Bhutan
50%
Birmania
50%
Bolivia
50%
Botswana
50%
Brazilia
50%
Bulgaria
50%
Burkina Faso
50%
Cambodgia
50%
Canada
50%
Cehia
50%
Chile
50%
China
50%
Ciad
50%
Coasta de Fildeș
50%
Columbia
50%
Coreea de Nord
50%
Coreea de Sud
50%
Costa Rica
50%
Danemarca
50%
Djibouti
50%
Ecuador
50%
Egipt
50%
El Salvador
50%
Elveția
50%
Emiratele Arabe Unite
50%
Eritreea
50%
Estonia
50%
Eswatini
50%
Etiopia
50%
Finlanda
50%
Franța
50%
Gambia
50%
Georgia
50%
Germania
50%
Ghana
50%
Grecia
50%
Guatemala
50%
Guineea
50%
Guineea-Bissau
50%
Guineea Ecuatorială
50%
Guyana
50%
Haiti
50%
Honduras
50%
India
50%
Indonezia
50%
Iordania
50%
Irak
50%
Iran
50%
Irlanda
50%
Israel
50%
Italia
50%
Kârgâzstan
50%
Kazahstan
50%
Kenya
50%
Kosovo
50%
Kuweit
50%
Laos
50%
Lesotho
50%
Letonia
50%
Liban
50%
Liberia
50%
Libia
50%
Lituania
50%
Luxemburg
50%
Macedonia de Nord
50%
Malaezia
50%
Malawi
50%
Mali
50%
Maroc
50%
Mauritania
50%
Mexic
50%
Moldova
50%
Monaco
50%
Mongolia
50%
Mozambic
50%
Namibia
50%
Nepal
50%
Nicaragua
50%
Niger
50%
Nigeria
50%
Norvegia
50%
Olanda
50%
Oman
50%
Pakistan
50%
Panama
50%
Papua Noua Guinee
50%
Paraguay
50%
Peru
50%
Polonia
50%
Portugalia
50%
Qatar
50%
Regatul Unit
50%
Republica Dominicană
50%
România
50%
Rusia
50%
San Marino
50%
Senegal
50%
Sierra Leone
50%
Siria
50%
Slovacia
50%
Slovenia
50%
Somalia
50%
Spania
50%
Sri Lanka
50%
Statele Unite
50%
Sudan
50%
Suedia
50%
Surinam
50%
Tadjikistan
50%
Thailanda
50%
Timorul de Est
50%
Togo
50%
Tunisia
50%
Turcia
50%
Turkmenistan
50%
Ucraina
50%
Ungaria
50%
Uruguay
50%
Uzbekistan
50%
Vatican
50%
Venezuela
50%
Vietnam
50%
Yemen
50%
Zimbabwe
50%
Brunei
0%
Liechtenstein
0%
No matching quizzes found
Score Distribution
Percent of People with Each Score
Percentile by Number Answered
Your Score History
You have not taken this quiz